Normal view
MARC view
- Dasgupt, A.K Chakraborty , S
Entry Personal Name
001 - CONTROL NUMBER
- control field: 62112
003 - CONTROL NUMBER IDENTIFIER
- control field: NUST
005 - DATE AND TIME OF LATEST TRANSACTION
- control field: 20210628202857.0
008 - FIXED-LENGTH DATA ELEMENTS
- fixed length control field: 210628|| aca||aabn | a|a d
040 ## - CATALOGING SOURCE
- Original cataloging agency: NUST
- Transcribing agency: NUST
100 ## - HEADING--PERSONAL NAME
- Personal name: Dasgupt, A.K Chakraborty , S
670 ## - SOURCE DATA FOUND
- Source citation: Work cat.: (NUST): Dasgupt, A.K Chakraborty , S, Thermo mehanical simulation and processing of steels, 2004
